banner koha

Irrigação para jardins e gramados de áreas públicas (Registro n. 329001)

MARC details
000 -LÍDER
fixed length control field 00777nab a2200253 4500
003 - CÓDIGO MARC DA AGÊNCIA CATALOGADORA
Campo de controle BR-BrBNA
005 - DATA E HORA DA ÚLTIMA ATUALIZAÇÃO
Campo de controle 20241204103301.0
008 - CAMPO DE TAMANHO FIXO
fixed length control field 241204b bl.||||| |||| 00| 0 por d
040 ## - FONTE DA CATALOGAÇÃO
Agência catalogadora BR-BrBNA
Idioma da catalogação por
072 ## - CATEGORIA AGRIS
Código AGRIS F06 ; N20
Código do objeto 3305 ; 3309
100 ## - ENTRADA PRINCIPAL - NOME PESSOAL
Nome pessoal Giacóia Neto, José
245 ## - TÍTULO PRINCIPAL
Título principal Irrigação para jardins e gramados de áreas públicas
500 ## - NOTA GERAL
Nota geral 11 illus.
942 ## - ADDED ENTRY ELEMENTS (KOHA)
Koha item type Analítica
520 ## - NOTA DE RESUMO
Nota de conteúdo IRRIGAÇÃO AUTOMATIZADA
650 ## - ASSUNTO - THESAGRO
Cabeçalho tópico ou nome geográfico IRRIGAÇÃO
650 ## - ASSUNTO - THESAGRO
Cabeçalho tópico ou nome geográfico JARDINAGEM
650 ## - ASSUNTO - THESAGRO
Cabeçalho tópico ou nome geográfico GRAMADO
650 ## - ASSUNTO - THESAGRO
Cabeçalho tópico ou nome geográfico PAISAGISMO
650 ## - ASSUNTO - THESAGRO
Cabeçalho tópico ou nome geográfico AUTOMATIZAÇÃO
650 ## - ASSUNTO - THESAGRO
Cabeçalho tópico ou nome geográfico EQUIPAMENTO DE IRRIGAÇÃO
773 0# - ENTRADA ANALÍTICA
Host Biblionumber 4820
Registro do item 318171
Imprenta Votuporanga/SP IRRIGAZINE 2009
Outro identificador 2024-4923
Título Irrigazine (Brazil)
Colação v. 3(7) p. 14-16; (Sep 2007)
Número de controle de registro BR2024003728

Nenhum exemplar disponível.

BINAGRI

Telefone: (61)3218-2567/2388/3357/2097 - binagri@agro.gov.br

Ministério da Agricultura e Pecuária , Esplanada dos Ministérios, Bloco D, Anexo B, Brasília/DF, CEP: 70.043-900